000 00260nam a2200097Ia 4500
001 1207217
005 20251017100918.0
008 250824s9999 xx 000 0 und d
245 0 _aEŞKİYA İNİNDE
_cHÜSEYİN RAHMİ GÜRPINAR
260 _bÖZGÜR YAYINLARI
999 _c1207217
_d1207217